| 000 | 00489nam a2200169Ia 4500 | ||
|---|---|---|---|
| 999 |
_c34973 _d34973 |
||
| 003 | OSt | ||
| 005 | 20200203130420.0 | ||
| 008 | 190216s9999||||xx |||||||||||||| ||und|| | ||
| 040 | _coclc | ||
| 082 |
_a320 _bRAM/C |
||
| 100 |
_aRaamadaas, Cheraayi _91790 |
||
| 245 | 0 |
_aChandaalar Enthe Thottupoyi / _cCheraayi Raamadaas |
|
| 260 |
_bBahujan Sahithya Academy, _c2000. _aCalicut: |
||
| 300 | _a12p | ||
| 650 | _aPolitics | ||
| 942 |
_cBK _2ddc _h320 _iRAM/C _k320 _mRAM/C |
||